औदुंबर. (Record no. 1350771)

MARC details
000 -LEADER
fixed length control field 00557nam a2200181Ia 4500
008 - FIXED-LENGTH DATA ELEMENTS--GENERAL INFORMATION
fixed length control field 151202s9999||||xx |||||||||||||| ||und||
082 ## - DEWEY DECIMAL CLASSIFICATION NUMBER
Item number PNVM-91087
100 ## - MAIN ENTRY--PERSONAL NAME
Personal name पानवलकर श्री.दा.
245 ## - TITLE STATEMENT
Title औदुंबर.
260 ## - PUBLICATION, DISTRIBUTION, ETC. (IMPRINT)
Name of publisher, distributor, etc "मौज प्रकाशन ,मुंबई."
260 ## - PUBLICATION, DISTRIBUTION, ETC. (IMPRINT)
Date of publication, distribution, etc 2013
300 ## - PHYSICAL DESCRIPTION
Extent 206
600 ## - SUBJECT ADDED ENTRY--PERSONAL NAME
Personal name पानवलकर श्री.दा.
630 ## - SUBJECT ADDED ENTRY--UNIFORM TITLE
Uniform title औदुंबर.
700 ## - ADDED ENTRY--PERSONAL NAME
Personal name पानवलकर श्री.दा.
730 ## - ADDED ENTRY--UNIFORM TITLE
Uniform title औदुंबर.
942 ## - ADDED ENTRY ELEMENTS (KOHA)
Koha item type Book
Holdings
Withdrawn status Lost status Damaged status Not for loan Home library Current library Date acquired Cost, normal purchase price Total Checkouts Full call number Barcode Date last seen Cost, replacement price Price effective from Koha item type
        Pune Nagar Vachan Mandir, Pune Pune Nagar Vachan Mandir, Pune 09/24/2015 175.00   PNVM-91087 PNVM-91087 12/02/2015 175.00 12/02/2015 Book